Sports Quiz

Random Sports or Football Quiz

UEFA Super Cup Winners Quiz Stats

 Plays Quiz not verified by Sporcle

Score 0/44 Timer 05:00
0 Plays Today
Year Champion % Correct
2002Real Madrid
98.1%
2014Real Madrid
98.1%
2016Real Madrid
98.1%
2017Real Madrid
98%
1992Barcelona
97.7%
1997Barcelona
97.7%
2009Barcelona
97.7%
2011Barcelona
97.7%
2015Barcelona
97.7%
2019Liverpool
95.7%
1990Milan
93.5%
1994Milan
93.5%
2003Milan
93.5%
2007Milan
93.5%
1989Milan
93.3%
1984Juventus
92.9%
1996Juventus
92.9%
2013Bayern München
92.6%
2018Atlético Madrid
92.2%
1973Ajax
91.3%
1995Ajax
91.3%
2010Atlético Madrid
88.8%
Year Champion % Correct
2012Atlético Madrid
88.8%
1977Liverpool
87.6%
2001Liverpool
87.6%
2005Liverpool
87.6%
1991Manchester United
86%
2006Sevilla
84.2%
1998Chelsea
84.1%
1987Porto
81.6%
1980Valencia
80.3%
2004Valencia
80.3%
2008Zenit Saint Petersburg
79.5%
2000Galatasaray
74.9%
1999Lazio
69.1%
1993Parma
65.1%
1976Anderlecht
63.8%
1978Anderlecht
63.8%
1982Aston Villa
56.5%
1979Nottingham Forest
56%
1986Steaua București
54%
1983Aberdeen
44.4%
1975Dynamo Kyiv
39.5%
1988Mechelen
25.4%

You're not logged in!

Compare scores with friends on all Sporcle quizzes.
OR
Log In

Sporcle TV

Today on Sporcle TV


Watch our educational content, quiz creation guides, and fun videos on Sporcle TV.

Show Comments

Extras

Top Quizzes Today


Score Distribution

Your Account Isn't Verified!

In order to create a playlist on Sporcle, you need to verify the email address you used during registration. Go to your Sporcle Settings to finish the process.

Report this User

Report this user for behavior that violates our Community Guidelines.

Details: